Mapa Europy z losowo połączonymi państwami - Statystyki

Ogólne statystyki
  • Ten quiz został rozwiązany 149 681 razy
  • Średni wynik to 10 z 12
Odpowiedzi na mapie
Odpowiedzi zakodowano w zielono-czerwonej skali na mapie do tego quizu, zgodnie z poniższymi procentami.
 
Statystyki odpowiedzi
Kraj % Poprawnych
Kraje Polska
99%
Kraje Polska
99%
Kraje Polska
99%
Kraje Niemcy
98%
Kraje Polska
98%
Kraje Polska
98%
Kraje Francja
96%
Kraje Niemcy
96%
Kraje Ukraina
96%
Kraje Francja
95%
Kraje Hiszpania
95%
Kraje Czechy
94%
Kraje Francja
94%
Kraje Niemcy
94%
Kraje Niemcy
94%
Kraje Polska
94%
Kraje Ukraina
94%
Kraje Ukraina
93%
Kraje Ukraina
93%
Kraje Włochy
93%
Kraje Białoruś
92%
Kraje Rosja
92%
Kraje Ukraina
92%
Kraje Włochy
92%
Kraje Białoruś
91%
Kraje Czechy
91%
Kraje Norwegia
91%
Kraje Rosja
91%
Kraje Rosja
91%
Kraje Szwecja
91%
Kraje Czechy
90%
Kraje Czechy
90%
Kraje Niemcy
90%
Kraje Niemcy
90%
Kraje Niemcy
90%
Kraje Słowacja
90%
Kraje Ukraina
90%
Kraje Austria
88%
Kraje Słowacja
88%
Kraje Austria
87%
Kraje Austria
87%
Kraje Austria
87%
Kraje Hiszpania
87%
Kraje Rumunia
87%
Kraje Austria
86%
Kraje Białoruś
86%
Kraje Finlandia
86%
Kraje Portugalia
86%
Kraje Rosja
86%
Kraje Rumunia
86%
Kraje Słowacja
86%
Kraje Włochy
86%
Kraje Austria
85%
Kraje Białoruś
85%
Kraje Francja
85%
Kraje Litwa
85%
Kraje Łotwa
85%
Kraje Rumunia
85%
Kraje Słowacja
85%
Kraje Węgry
84%
Kraje Łotwa
83%
Kraje Rosja
83%
Kraje Rumunia
83%
Kraje Włochy
83%
Kraje Białoruś
82%
Kraje Francja
82%
Kraje Litwa
82%
Kraje Słowacja
82%
Kraje Austria
81%
Kraje Belgia
81%
Kraje Bułgaria
81%
Kraje Grecja
81%
Kraje Łotwa
81%
Kraje Szwajcaria
81%
Kraje Węgry
81%
Kraje Węgry
81%
Kraje Belgia
80%
Kraje Belgia
80%
Kraje Chorwacja
80%
Kraje Holandia
80%
Kraje Holandia
80%
Kraje Litwa
80%
Kraje Serbia
80%
Kraje Szwajcaria
80%
Kraje Ukraina
80%
Kraje Węgry
80%
Kraje Węgry
80%
Kraje Bułgaria
79%
Kraje Chorwacja
79%
Kraje Grecja
79%
Kraje Szwajcaria
79%
Kraje Węgry
79%
Kraje Chorwacja
78%
Kraje Estonia
78%
Kraje Finlandia
78%
Kraje Łotwa
78%
Kraje Serbia
78%
Kraje Serbia
78%
Kraje Szwecja
78%
Kraje Serbia
77%
Kraje Serbia
77%
Kraje Bułgaria
76%
Kraje Estonia
76%
Kraje Rumunia
76%
Kraje Bośnia i Hercegowina
75%
Kraje Bośnia i Hercegowina
75%
Kraje Szwajcaria
75%
Kraje Albania
73%
Kraje Grecja
73%
Kraje Słowenia
73%
Kraje Mołdawia
72%
Kraje Bułgaria
71%
Kraje Finlandia
71%
Kraje Irlandia
71%
Kraje Mołdawia
71%
Kraje Słowenia
71%
Kraje Wielka Brytania
71%
Kraje Norwegia
70%
Kraje Macedonia Północna
66%
Kraje Albania
65%
Kraje Chorwacja
65%
Kraje Macedonia Północna
65%
Kraje Macedonia Północna
63%
Kraje Słowenia
62%
Nie znaleziono quizów pasujących do podanych kryteriów
Rozkład punktacji
Procent ludzi z każdym wynikiem
Percentyl według liczby udzielonych odpowiedzi
Twoja historia wyników
Nie rozwiązałeś tego quizu